5minutové jarní pohádky / (Záznam č. 34155)
| 000 -Návěští | |
|---|---|
| Řídící pole kódované 24B | 01196nam a2200361 i 4500 |
| 001 - Kontrolní číslo | |
| Řídící pole proměnné | 016020008140495 |
| 003 - Identifikátor kontrolního čísla | |
| Řídící pole proměnné | CZ PrSKC |
| 005 - Datum posledního zpracování | |
| Řídící pole 16B | 20260415084958.0 |
| 007 - Pole pevné délky pro fyzický popis | |
| Řídící pole kódované | ta |
| 008 - Údaje pevné délky | |
| Řídící pole kódované 40B | 260407s2026 xr a a 000 j cze |
| 020 ## - ISBN | |
| ISBN | 9788025262894 |
| Dostupnost | Kč 399,00 |
| 040 ## - Zdroj katalogizace-agentura | |
| Agentura původní katalogizace | ABG001 |
| Jazyk katalogizace | cze |
| Použitá pravidla popisu | rda |
| 041 1# - Kód jazyka | |
| Kód jazyka textu/zvuku, mezititulků | cze |
| Kód jazyka originálu | eng |
| 072 #7 - Kód předmětové kategorie - Konspekt | |
| Předmětová kategorie | 821-93 |
| Zpřesnění předmětové kategorie | Literatura pro děti a mládež (beletrie) |
| Zdroj předmětové klasifikace | Konspekt |
| 080 ## - MDT | |
| Klasifikační znak MDT | 821-32 |
| Idetifikátor vydání MDT | MRF |
| 080 ## - MDT | |
| Klasifikační znak MDT | 821-93 |
| Idetifikátor vydání MDT | MRF |
| 080 ## - MDT | |
| Klasifikační znak MDT | (0:82-32) |
| Idetifikátor vydání MDT | MRF |
| 130 0# - Hlavní záhlaví - unifikovaný název | |
| Unifikovaný název | 5-Minute Easter Stories. |
| Jazyk díla | Česky |
| 9 (RLIN) | 20615 |
| 245 10 - Údaje o názvu | |
| Název | 5minutové jarní pohádky / |
| Údaj o odpovědností, atd. | z anglického originálu přeložila Petra Krámková |
| 246 3# - Variantní vázvy | |
| Hlavní název/zkrácený název | Pětiminutové pohádky |
| 250 ## - Údaje o vydání | |
| Označení vydání | 1. vydání |
| 264 #1 - Nakladatelské údaje | |
| Místo vydání | Praha : |
| Nakladatel | Alicanto, |
| Rok vydání | 2026 |
| 300 ## - Fyzický popis | |
| Rozsah | 160 stran : |
| další fyzické údaje | barevné ilustrace ; |
| Rozměry | 28 cm |
| 490 1# - Údaje o edici | |
| Údaje o edici | Disney |
| 500 ## - Všeobecná poznámka | |
| Text obecné poznámky | Název originálu v knize neuveden |
| 520 2# - Anotace | |
| Anotace, atd. | Obráková kniha se souborem krátkých jarních pohádek s oblíbenými postavičkami z Disneyho a Pixaru. |
| 655 #7 - Rejstříkový termín - žánr/forma | |
| Žánr/forma či základní termín | příběhy |
| 655 #7 - Rejstříkový termín - žánr/forma | |
| Žánr/forma či základní termín | publikace pro děti |
| 700 1# - Vedlejší záhlaví - osobní jméno autora | |
| Osobní jméno | Krámková, Petra |
| Kód role | trl |
| 9 (RLIN) | 1643 |
| 710 2# - Vedlejší záhlaví - jméno korporativního autora | |
| Jméno korporace nebo jurisdikce | Alicanto (nakladatelství) |
| Kód role | pbl |
| 9 (RLIN) | 20479 |
| 910 ## - Údaje o vlastníkovi jednotky (exempláře) | |
| Sigla vlastníka jednotky | ABG508 |
| Stav ztráty | Zdroj klasifikace pro skladování | Stav poškození |
|---|---|---|
| Universal Decimal Classification |